ARRUPE JESUIT UNIVERSITY

CORONAVIRUS -STOP THE SPREAD - CLEAN,DISINFECT,COVER

Existential foundations of psychology, (Record no. 123348)

MARC details
000 -LEADER
fixed length control field 00758nam a22002411 4500
001 - CONTROL NUMBER
control field 752898
003 - CONTROL NUMBER IDENTIFIER
control field ARRUPE
005 - DATE AND TIME OF LATEST TRANSACTION
control field 20150909144840.0
008 - FIXED-LENGTH DATA ELEMENTS--GENERAL INFORMATION
fixed length control field 711013s1966 pau b 000 0 eng
010 ## - LIBRARY OF CONGRESS CONTROL NUMBER
LC control number 66016065
040 ## - CATALOGING SOURCE
Original cataloging agency DLC
Transcribing agency DLC
Modifying agency DLC
050 00 - LIBRARY OF CONGRESS CALL NUMBER
Classification number BF204.5
Item number .V3
082 00 - DEWEY DECIMAL CLASSIFICATION NUMBER
Classification number 150.192
300 ## - PHYSICAL DESCRIPTION
Dimensions 24 cm.
100 1# - MAIN ENTRY--PERSONAL NAME
Personal name Van Kaam, Adrian L.,
Dates associated with a name 1920-
9 (RLIN) 19661
245 10 - TITLE STATEMENT
Title Existential foundations of psychology,
Statement of responsibility, etc by Adrian Van Kaam.
260 ## - PUBLICATION, DISTRIBUTION, ETC. (IMPRINT)
Place of publication, distribution, etc Pittsburgh,
Name of publisher, distributor, etc Duquesne University Press,
Date of publication, distribution, etc 1966.
300 ## - PHYSICAL DESCRIPTION
Extent xiv, 386 p.
440 #0 - SERIES STATEMENT/ADDED ENTRY--TITLE
Title Duquesne studies. Psychological series,
Volume number/sequential designation 3
9 (RLIN) 19662
504 ## - BIBLIOGRAPHY, ETC. NOTE
Bibliography, etc Bibliography: p. 364-379.
650 #0 - SUBJECT ADDED ENTRY--TOPICAL TERM
Topical term or geographic name as entry element Existential psychology.
9 (RLIN) 18736
906 ## - LOCAL DATA ELEMENT F, LDF (RLIN)
a 7
b cbc
c orignew
d u
e ocip
f 19
g y-gencatlg
942 ## - ADDED ENTRY ELEMENTS (KOHA)
Source of classification or shelving scheme Library of Congress Classification
Koha item type Monograph ( Printed materials)
Holdings
Withdrawn status Lost status Source of classification or shelving scheme Damaged status Not for loan Home library Current library Date acquired Total Checkouts Full call number Barcode Date last seen Price effective from Koha item type
    Library of Congress Classification     ARRUPE LIBRARY ARRUPE LIBRARY 09/09/2015   BF204.5 .V3 46500005254 13/09/2016 09/09/2015 Monograph ( Printed materials)
    Library of Congress Classification     ARRUPE LIBRARY ARRUPE LIBRARY 09/09/2015   BF204.5 .V3 46500005251 13/09/2016 09/09/2015 Monograph ( Printed materials)
    Library of Congress Classification     ARRUPE LIBRARY ARRUPE LIBRARY 09/09/2015   BF204.5 .V3 46500005248 13/09/2016 09/09/2015 Monograph ( Printed materials)
    Library of Congress Classification     ARRUPE LIBRARY ARRUPE LIBRARY 09/09/2015   BF204.5 .V3 46500005245 13/09/2016 09/09/2015 Monograph ( Printed materials)

 

Arrupe Library. PO Box MP320 Mt Pleasant, Harare, Zimbabwe
263 242 745411|librarian@aju.ac.zw